Les différentes races de chats - Statistiques

Statistiques générales
  • Ce quiz a été pris 350 fois
  • Le résultat moyen est 6 sur 13
Statistiques - réponses
Par images Réponse % Correct
Siamois
87%
Persan
81%
Sphynx
66%
Chartreux
65%
Bengal
60%
Main coon
49%
Sacré de birmanie
43%
Gouttière
35%
Abyssin
33%
Ragdoll
29%
Angora turc
17%
Scottish fold
17%
British longhair
6%
Aucun quiz correspondant
Distribution des résultats
% des personnes avec chaque résultat
Percentile par nombre de réponses
Votre historique - résultats
Vous n’avez pas pris ce quiz